| 000 | 00621nam a2200193Ia 4500 | ||
|---|---|---|---|
| 003 | IN-BaIIA | ||
| 008 | 211028s9999 xx 000 0 eng d | ||
| 040 | _cIIA Library | ||
| 080 |
_a52(035) _bWOL-II |
||
| 100 |
_aWolf, Rudolf _91101 |
||
| 245 | 0 |
_aHandbuch der astronomie intrergeschichte und litteratur band II (in German) _cRudolf Wolf |
|
| 260 |
_aZurich _bDruck Und Verlag _c1892 |
||
| 300 | _a658p | ||
| 650 | _aArchives | ||
| 650 | _aAstronomy and Astrophysics thesaurus | ||
| 650 |
_aAstronomy-Handbooks _91102 |
||
| 650 |
_aHandbooks-Astronomy _91103 |
||
| 942 | _cBK | ||
| 999 |
_c478 _d478 |
||